000 nam a22 7a 4500
999 _c7804
_d7804
008 171016b xxu||||| |||| 00| 0 eng d
100 _94281
_aSingh
245 _aMathematics-7
260 _aNew Delhi